Game of Thrones House Mottos Quiz Stats

 Plays Quiz Updated Jul 1, 2016

Challenge
Share
Tweet
Embed
Score 0/9 Timer 04:00
8 Plays Today
House Motto % Correct
House StarkWinter is Coming
98.4%
House LannisterHear Me Roar
75.2%
House GreyjoyWe Do Not Sow
72.8%
House TargaryenFire and Blood
68.7%
House BaratheonOurs is the Fury
62.2%
House TullyFamily, Duty, Honor
61.4%
House TyrellGrowing Strong
59.8%
House ArrynAs High as Honor
49.5%
House MartellUnbowed, Unbent, Unbroken
46.6%

You're not logged in!

Compare scores with friends on all Sporcle quizzes.
OR
Log In

You Might Also Like...

Show Comments

Extras

Top Quizzes Today


Score Distribution

Your Account Isn't Verified!

In order to create a playlist on Sporcle, you need to verify the email address you used during registration. Go to your Sporcle Settings to finish the process.

Report this User

Report this user for behavior that violates our Community Guidelines.

Details: